[Event "London Classic Open 2016"]
[Site "London ENG"]
[Date "2016.12.11"]
[Round "4.59"]
[White "Taylor, Adam C"]
[Black "Longson, Sarah N"]
[Result "1-0"]
[WhiteTitle "FM"]
[BlackTitle "WFM"]
[WhiteElo "2212"]
[BlackElo "2040"]
[WhiteFideId "424668"]
[BlackFideId "2501465"]
[EventDate "2016.12.09"]

1. Nf3 d5 2. g3 c6 3. Bg2 Bg4 4. O-O Nf6 5. d3 e6 6. Nbd2 Bd6 7. h3 Bxf3 8. Bxf3
O-O 9. e4 Nbd7 10. Bg2 Qb6 11. Kh1 g6 12. Qe1 Nh5 13. f4 e5 14. f5 Ndf6 15. b3
Qa5 16. g4 Nf4 17. Bb2 Nxg2 18. Kxg2 d4 19. Nc4 Qxe1 20. Raxe1 Bb4 21. Re2 Nd7
22. a3 Be7 23. Na5 Rab8 24. fxg6 fxg6 25. Rxf8+ Nxf8 26. Rf2 Bg5 27. Nc4 Re8 28.
a4 Ne6 29. Ba3 c5 30. b4 b6 31. Rf1 Nf4+ 32. Kh2 cxb4 33. Bxb4 Bf6 34. Bd6 g5
35. Rb1 Re6 36. Rb5 Ng6 37. Bb8 Re7 38. Rd5 Rf7 39. Kg3 Nf4 40. Rd6 Ne2+ 41. Kg2
Kg7 42. Rc6 Nf4+ 43. Kh2 Ng6 44. Nd6 1-0

[Event "London Classic Open 2016"]
[Site "London ENG"]
[Date "2016.12.11"]
[Round "4.60"]
[White "Moravec, Vit"]
[Black "Millward, Kevin P"]
[Result "1/2-1/2"]
[WhiteElo "2205"]
[BlackElo "2027"]
[WhiteFideId "331481"]
[BlackFideId "404721"]
[EventDate "2016.12.09"]

1. c4 d6 2. g3 g6 3. Bg2 Bg7 4. Nc3 e5 5. d3 Ne7 6. Rb1 O-O 7. b4 f5 8. Qb3 h6
9. f4 Kh7 10. e3 Nd7 11. Nge2 Nf6 12. O-O g5 13. Nd5 c6 14. Nxf6+ Bxf6 15. Bb2
Be6 16. Qc2 Ng6 17. Rbd1 Qb6 18. Qd2 gxf4 19. gxf4 Nxf4 20. Nxf4 exf4 21. Bd4
Bxd4 22. exd4 Qxd4+ 23. Kh1 Qe3 24. Qc3 f3 25. Rxf3 Qg5 26. Re1 Rae8 27. Bh3 Bd7
28. Rg1 Qf6 29. d4 c5 30. bxc5 dxc5 31. d5 Qxc3 32. Rxc3 Re7 33. Rf3 f4 34. Bxd7
Rxd7 35. Re1 Rf6 36. Re4 1/2-1/2

[Event "London Classic Open 2016"]
[Site "London ENG"]
[Date "2016.12.11"]
[Round "4.61"]
[White "Rice, Chris B"]
[Black "Haribalu, V."]
[Result "0-1"]
[WhiteElo "2002"]
[BlackElo "2201"]
[WhiteFideId "404446"]
[BlackFideId "5015189"]
[EventDate "2016.12.09"]

1. c4 Nf6 2. g3 c6 3. Nf3 d5 4. Bg2 dxc4 5. O-O Nbd7 6. a4 Nc5 7. Na3 Be6 8. Qc2
Nb3 9. Rb1 Qd5 10. d3 cxd3 11. exd3 Nxc1 12. Rbxc1 Qb3 13. Qe2 Bd5 14. Nc4 Qb4
15. Nd4 Bxg2 16. Kxg2 Qc5 17. Nf3 e6 18. a5 Qb5 19. a6 Qxa6 20. Nd4 b6 21. Nxe6
fxe6 22. Qxe6+ Kd8 23. Ne5 c5 24. Rxc5 Bxc5 25. Nf7+ Kc7 26. Nxh8 Qb7+ 27. Kg1
Qd5 0-1

[Event "London Classic Open 2016"]
[Site "London ENG"]
[Date "2016.12.11"]
[Round "4.62"]
[White "Semprun Martinez, Fernando"]
[Black "Fischer, Daniel"]
[Result "1/2-1/2"]
[WhiteElo "2193"]
[BlackElo "2024"]
[WhiteFideId "2203170"]
[BlackFideId "1328360"]
[EventDate "2016.12.09"]

1. e4 e5 2. Nf3 Nc6 3. Bb5 a6 4. Ba4 Nf6 5. O-O b5 6. Bb3 Bc5 7. a4 Rb8 8. c3 d6
9. d4 Bb6 10. a5 Ba7 11. Be3 O-O 12. dxe5 Bxe3 13. exf6 Bh6 14. Bd5 Bd7 15. fxg7
Bxg7 16. Nbd2 b4 17. Qe2 bxc3 18. bxc3 Bxc3 19. Rac1 Nd4 20. Nxd4 Bxd4 21. Qd3
Bg7 22. Bc6 Rb2 23. Nc4 Rb4 24. Qa3 Rb8 25. Qa4 Be6 26. Bd5 Bd7 27. Bc6 Be6 28.
Bd5 Bd7 29. Bc6 Be6 1/2-1/2

[Event "London Classic Open 2016"]
[Site "London ENG"]
[Date "2016.12.11"]
[Round "4.63"]
[White "Varney, Zoe"]
[Black "Ilfeld, Etan"]
[Result "0-1"]
[WhiteElo "2000"]
[BlackElo "2181"]
[WhiteFideId "436135"]
[BlackFideId "2803470"]
[EventDate "2016.12.09"]

1. e4 e5 2. Nf3 Nc6 3. Bc4 Bc5 4. c3 Nf6 5. d4 exd4 6. cxd4 Bb4+ 7. Bd2 Bxd2+ 8.
Nbxd2 d5 9. exd5 Nxd5 10. Qb3 Na5 11. Qa4+ Nc6 12. Qb3 Nce7 13. O-O O-O 14. Rfe1
c6 15. Ne4 Qb6 16. Qa3 Bg4 17. Ne5 Bf5 18. Nd6 Be6 19. Nexf7 Bxf7 20. Nxf7 Qxd4
21. Rxe7 Qxc4 22. Nd6 Qc2 23. Ree1 Qxf2+ 24. Kh1 b6 25. Qh3 Qf6 26. Ne4 Qf5 27.
Qd3 Rae8 28. Qc4 Qg6 29. Rac1 Rf4 30. Qxc6 Qxc6 31. Rxc6 Rfxe4 32. Rxe4 Rxe4 33.
Rc8+ Kf7 34. Kg1 Re2 35. Rd8 Ne3 36. Rd7+ Kf6 37. Rxa7 Rxg2+ 38. Kh1 Rxb2 39.
Kg1 h5 40. a4 Ng4 41. a5 bxa5 42. Ra6+ Kf7 43. Ra7+ Kg6 44. Ra6+ Nf6 45. Rxa5 h4
46. h3 Rb3 47. Kg2 Rg3+ 48. Kh2 Nh7 49. Ra4 Kh5 50. Ra5+ Ng5 0-1

[Event "London Classic Open 2016"]
[Site "London ENG"]
[Date "2016.12.11"]
[Round "4.64"]
[White "Jyothilal, N."]
[Black "Jones, Steven A"]
[Result "0-1"]
[WhiteElo "1985"]
[BlackElo "2175"]
[WhiteFideId "5002605"]
[BlackFideId "419630"]
[EventDate "2016.12.09"]

1. d4 Nf6 2. c4 g6 3. Nc3 Bg7 4. e4 d6 5. f3 O-O 6. Be3 c5 7. Nge2 cxd4 8. Nxd4
Nc6 9. Qd2 Bd7 10. Be2 a5 11. O-O Nxd4 12. Bxd4 Bc6 13. Rad1 a4 14. Rfe1 Nd7 15.
Bf2 Qa5 16. Nd5 Bxd5 17. exd5 Qxd2 18. Rxd2 a3 19. Bd3 axb2 20. Rxe7 Ne5 21. Bc2
Nxc4 22. Rd1 Rxa2 23. Rxb7 Ra1 24. Rf1 Nd2 25. Re1 Re8 0-1

[Event "London Classic Open 2016"]
[Site "London ENG"]
[Date "2016.12.11"]
[Round "4.65"]
[White "Disu, Kayode"]
[Black "Bird, Joel"]
[Result "1-0"]
[WhiteElo "1976"]
[BlackElo "2171"]
[WhiteFideId "432849"]
[BlackFideId "429252"]
[EventDate "2016.12.09"]

1. d4 Nf6 2. Bf4 d5 3. e3 c6 4. Nf3 Qb6 5. b3 Bf5 6. Bd3 Ne4 7. O-O e6 8. c4 Be7
9. c5 Qd8 10. Qc2 g5 11. Bxb8 Rxb8 12. Nc3 Nxc3 13. Bxf5 exf5 14. Qxc3 Bf6 15.
b4 O-O 16. Rfb1 Re8 17. b5 g4 18. Ne1 f4 19. exf4 Re4 20. Nc2 Rxf4 21. Rb4 cxb5
22. Rxb5 Qe8 23. Qd3 Qe4 24. Rd1 a6 25. Qxe4 Rxe4 26. Rb6 Re6 27. Rdb1 Rbe8 28.
Rxe6 Rxe6 29. Kf1 Re4 30. Rxb7 Bxd4 31. c6 Be5 32. c7 Bxc7 33. Rxc7 Ra4 34. a3
h5 35. Rc5 d4 36. Ke2 d3+ 37. Kxd3 Rf4 38. Rxh5 f5 39. Ne3 Rxf2 40. Rxf5 Ra2 41.
Ra5 g3 42. hxg3 Rb2 43. Rxa6 Rb3+ 44. Ke4 Kf7 45. g4 Rb8 46. g5 Re8+ 47. Kf4 Kg7
48. Nf5+ Kg8 49. Ra7 Rf8 50. g6 Re8 51. Kg5 Kh8 52. a4 Rg8 53. Rh7# 1-0

[Event "London Classic Open 2016"]
[Site "London ENG"]
[Date "2016.12.11"]
[Round "4.66"]
[White "Grigoryan, Meri"]
[Black "Brooks, Phil J"]
[Result "1/2-1/2"]
[WhiteTitle "WFM"]
[WhiteElo "1972"]
[BlackElo "2163"]
[WhiteFideId "13300571"]
[BlackFideId "405540"]
[EventDate "2016.12.09"]

1. d4 e6 2. c4 Bb4+ 3. Bd2 a5 4. e3 Nf6 5. Bd3 b6 6. Nf3 Bb7 7. Qc2 d6 8. a3
Bxd2+ 9. Nbxd2 Nbd7 10. O-O O-O 11. b4 c5 12. dxc5 dxc5 13. b5 Qc7 14. Rad1 Rad8
15. h3 h6 16. Rfe1 Rfe8 17. e4 e5 18. Nf1 Nf8 19. Ne3 Ne6 20. Nd5 Bxd5 21. exd5
Nd4 22. Nxd4 exd4 23. Be4 Re7 24. Re2 Rde8 25. Rde1 Kf8 26. Qd3 Qd6 27. Qf3 Nd7
28. Bd3 Rxe2 29. Rxe2 Rxe2 30. Bxe2 Nf6 31. Qf5 Qd8 32. g3 Ne8 33. Bd3 g6 34.
Qf4 Kg7 35. Qe5+ Kg8 36. h4 h5 37. Kg2 Nd6 38. g4 hxg4 39. h5 gxh5 40. Qxh5 Qf6
41. Qxg4+ Qg7 42. Kf3 Qxg4+ 43. Kxg4 Kg7 44. Kg5 f6+ 45. Kg4 Kh6 46. f3 Kg7 47.
Kf4 1/2-1/2

[Event "London Classic Open 2016"]
[Site "London ENG"]
[Date "2016.12.11"]
[Round "4.67"]
[White "O'Molloy, Eamonn"]
[Black "Bates, Caspar J"]
[Result "0-1"]
[WhiteElo "1942"]
[BlackElo "2156"]
[WhiteFideId "2505843"]
[BlackFideId "414760"]
[EventDate "2016.12.09"]

1. d4 Nf6 2. Nf3 e6 3. c3 b6 4. Bg5 Bb7 5. Nbd2 h6 6. Bh4 d6 7. e3 g5 8. Bg3 Nh5
9. Ng1 Nxg3 10. hxg3 Qd7 11. Ngf3 Bg7 12. e4 Nc6 13. Bd3 O-O-O 14. Qa4 d5 15. e5
Nxe5 16. Bb5 Nxf3+ 17. Nxf3 c6 18. Ba6 Qc7 19. O-O-O Kb8 20. Bxb7 Kxb7 21. Rhe1
Rd6 22. Ne5 Rhd8 23. Nd3 Ka8 24. Kb1 c5 25. Ne5 f6 26. Nf3 h5 27. Rh1 g4 28. Ne1
f5 29. Nd3 cxd4 30. cxd4 Qc4 31. Qxc4 dxc4 32. Nf4 Bxd4 33. Rxh5 Bxf2 34. Rxd6
Rxd6 35. Rh6 Bxg3 36. Nxe6 Be5 37. Kc2 f4 38. Nc7+ Kb7 39. Rh7 Kc6 40. a4 Rd7
41. Rxd7 Kxd7 0-1

[Event "London Classic Open 2016"]
[Site "London ENG"]
[Date "2016.12.11"]
[Round "4.68"]
[White "Rogacewicz, Mikolaj"]
[Black "Cumming, Rhys"]
[Result "1/2-1/2"]
[WhiteElo "1765"]
[BlackElo "2156"]
[WhiteFideId "21842981"]
[BlackFideId "470163"]
[EventDate "2016.12.09"]

1. d4 Nf6 2. c4 g6 3. Nc3 d5 4. cxd5 Nxd5 5. e4 Nxc3 6. bxc3 Bg7 7. Bc4 O-O 8.
Ne2 c5 9. O-O Nc6 10. Be3 Bg4 11. f3 Bd7 12. Rb1 Qc7 13. Qd2 Rad8 14. Bf4 Qc8
15. Rfc1 Na5 16. Bd3 e5 17. Bg5 f6 18. Bh6 b6 19. d5 Nb7 20. c4 Nd6 21. Bxg7
Kxg7 22. Nc3 Qa6 23. a4 Qa5 24. Qd1 a6 25. Ra1 Rb8 26. Qc2 f5 1/2-1/2

[Event "London Classic Open 2016"]
[Site "London ENG"]
[Date "2016.12.11"]
[Round "4.70"]
[White "Smith, Andrew Philip"]
[Black "Nettleton, Charlie B"]
[Result "1-0"]
[WhiteTitle "FM"]
[WhiteElo "2136"]
[BlackElo "1963"]
[WhiteFideId "2500833"]
[BlackFideId "419710"]
[EventDate "2016.12.09"]

1. e4 e6 2. d4 d5 3. e5 c5 4. Qg4 Nc6 5. Nf3 h5 6. Qf4 Nh6 7. c3 cxd4 8. Bd3
dxc3 9. Nxc3 Nb4 10. Bb1 Qb6 11. O-O Bd7 12. Be3 Qa6 13. Rd1 Bb5 14. Nxb5 Qxb5
15. a3 Nc6 16. Bd3 Qa5 17. b4 Qa4 18. Rdc1 Be7 19. Qg3 Ng4 20. Bd2 g6 21. h3 Nh6
22. Bg5 Kd7 23. b5 Nd4 24. Bxe7 Kxe7 25. Rc7+ Ke8 26. Nxd4 Qxd4 27. Rac1 Kf8 28.
Qg5 Qxd3 29. Rc8+ Kg7 30. Qf6+ Kh7 31. Qxh8# 1-0

[Event "London Classic Open 2016"]
[Site "London ENG"]
[Date "2016.12.11"]
[Round "4.71"]
[White "Rushbrooke, Remy"]
[Black "Ethelontis, Alexandros N"]
[Result "0-1"]
[WhiteElo "1651"]
[BlackElo "2133"]
[WhiteFideId "443590"]
[BlackFideId "405469"]
[EventDate "2016.12.09"]

1. d4 e6 2. Nc3 d5 3. e4 Bb4 4. e5 b6 5. a3 Bf8 6. f4 Nh6 7. Bd3 Ba6 8. Bxa6
Nxa6 9. Qd3 Nb8 10. Nf3 c5 11. Bd2 Nc6 12. b3 Rc8 13. Ne2 Nf5 14. Rc1 Be7 15.
O-O cxd4 16. b4 O-O 17. b5 Na5 18. Bxa5 bxa5 19. Nexd4 Qb6 20. Kh1 Nxd4 21. Nxd4
Rc4 22. Nc6 Bc5 23. Qb3 a4 24. Qb2 Rc8 25. Rb1 a6 26. c3 axb5 27. Nd4 Bxd4 28.
cxd4 Rxd4 29. Qxb5 Qxb5 30. Rxb5 Rxf4 31. Rfb1 g5 32. R5b4 Rcc4 33. Kg1 Kg7 34.
h3 h5 35. g3 Rf3 36. Rxc4 dxc4 37. Kg2 Rxa3 38. Rc1 c3 39. Rc2 Rb3 40. Kf1 a3
41. Ke1 Rb1+ 42. Ke2 0-1

[Event "London Classic Open 2016"]
[Site "London ENG"]
[Date "2016.12.11"]
[Round "4.72"]
[White "Suder, Ryszard"]
[Black "Cannon, Raymond C"]
[Result "0-1"]
[WhiteElo "2123"]
[BlackElo "1942"]
[WhiteFideId "1102699"]
[BlackFideId "408018"]
[EventDate "2016.12.09"]

1. Nf3 g6 2. d4 Bg7 3. e4 d6 4. Nc3 Nf6 5. Be2 O-O 6. O-O Bg4 7. Be3 Nc6 8. Qd2
Nd7 9. d5 Bxf3 10. Bxf3 Nce5 11. Be2 Nb6 12. Qe1 Nec4 13. Bc1 c6 14. Bxc4 Nxc4
15. b3 Qa5 16. Na4 Bxa1 17. Qxa5 Nxa5 18. Bd2 Bg7 19. Bxa5 cxd5 20. exd5 b5 21.
Nc3 Bxc3 22. Bxc3 Rfc8 0-1

[Event "London Classic Open 2016"]
[Site "London ENG"]
[Date "2016.12.11"]
[Round "4.73"]
[White "Hrdina, Robin"]
[Black "Cole, James"]
[Result "1-0"]
[WhiteElo "2120"]
[BlackElo "1827"]
[WhiteFideId "339342"]
[BlackFideId "431818"]
[EventDate "2016.12.09"]

1. b3 e5 2. Bb2 Nc6 3. e3 d5 4. Bb5 Bd6 5. Ne2 Ne7 6. O-O O-O 7. f4 f6 8. Bxc6
Nxc6 9. Nbc3 Be6 10. f5 Bf7 11. Qe1 Nb4 12. Rc1 c5 13. a3 Nc6 14. Qh4 e4 15. Nf4
Be5 16. d3 Qa5 17. Nfe2 Rae8 18. dxe4 dxe4 19. Rcd1 c4 20. b4 Qb6 21. Bc1 a5 22.
b5 Na7 23. a4 Nc8 24. Nxe4 Nd6 25. Nxd6 Bxd6 26. Rf3 Re5 27. Nd4 Bc5 28. Rh3 h6
29. Rg3 Kh7 30. Qg4 Rg8 31. c3 Qc7 32. e4 Qe7 33. Re1 h5 34. Qf4 Re8 35. Rge3
Qd8 36. Bd2 Bd6 37. Qh4 g5 38. fxg6+ Bxg6 39. Kh1 Bc5 40. Qf4 Bxd4 41. Rg3 Rg5
42. cxd4 Rxg3 43. hxg3 Kg7 44. d5 Re5 45. Bc3 1-0

[Event "London Classic Open 2016"]
[Site "London ENG"]
[Date "2016.12.11"]
[Round "4.74"]
[White "Vachtfeidl, Petr"]
[Black "Osborne, Marcus E"]
[Result "1-0"]
[WhiteElo "1963"]
[BlackElo "2257"]
[WhiteFideId "315028"]
[BlackFideId "404608"]
[EventDate "2016.12.09"]

1. d4 Nf6 2. c4 e6 3. Nc3 Bb4 4. e3 b6 5. Ne2 Bb7 6. a3 Bd6 7. Ng3 h5 8. d5 Be5
9. Nge2 Qe7 10. g3 h4 11. Bg2 h3 12. Bf3 c6 13. O-O g5 14. Rb1 Qc5 15. Qd3 cxd5
16. cxd5 g4 17. Bh1 Qc8 18. b4 Rh5 19. e4 Na6 20. Bf4 Qb8 21. Rbc1 Kf8 22. Rfd1
Kg7 23. f3 gxf3 24. Bxf3 Rh8 25. Nb5 Ne8 26. d6 Bxf4 27. Nxf4 Bc6 28. e5 Qb7 29.
Rxc6 dxc6 30. d7 Rd8 31. dxe8=N+ Rhxe8 32. Nd6 Rxd6 33. Qxd6 b5 34. Qxc6 Qb8 35.
Qd6 Qc8 36. Bc6 Rh8 37. Qd7 Qxd7 38. Rxd7 Nb8 39. Rc7 Nxc6 40. Rxc6 Rd8 41. Nxh3
Rd3 42. Ra6 Re3 43. Rxa7 Rxe5 44. Kf2 Rd5 45. Nf4 Rd2+ 46. Ke3 Rxh2 47. Nxe6+ 1-0

[Event "London Classic Open 2016"]
[Site "London ENG"]
[Date "2016.12.11"]
[Round "4.75"]
[White "Jones, Tibor"]
[Black "Chan, Kim Yew"]
[Result "0-1"]
[WhiteElo "1946"]
[BlackElo "2231"]
[WhiteFideId "2405288"]
[BlackFideId "5717981"]
[EventDate "2016.12.09"]

1. d4 Nf6 2. c4 e6 3. Nc3 Bb4 4. e3 O-O 5. Ne2 d5 6. a3 Be7 7. cxd5 exd5 8. Nf4
b6 9. Bd3 Bb7 10. b4 Nbd7 11. O-O c5 12. bxc5 bxc5 13. Nfe2 Rc8 14. Bb2 Re8 15.
Qb1 c4 16. Bc2 Bd6 17. Bf5 g6 18. Bh3 h5 19. a4 Ng4 20. g3 Ndf6 21. Ba3 Rb8 22.
Bxd6 Qxd6 23. Qc1 Bc8 24. Bg2 h4 25. Nb5 Qe7 26. Nf4 hxg3 27. hxg3 Qf8 28. Nh3
a6 29. Nc3 Qh6 30. e4 Qxc1 31. Raxc1 dxe4 32. Nf4 Kg7 33. Rfe1 Bf5 34. Bf1 Rb4
35. Ng2 Rd8 36. Red1 Be6 37. a5 Rb2 38. Be2 g5 39. Rb1 Rc2 40. Rbc1 Rxc1 41.
Rxc1 Rxd4 42. Rc2 Ne5 43. Ne3 Nd3 44. Na4 Nd7 45. Bf1 Kg6 46. Nb2 N7e5 47. Be2
f5 48. Ng2 Nb4 49. Rc3 Na2 50. Rc2 c3 51. Bxa6 Nf3+ 52. Kf1 cxb2 53. Rxb2 Nc3
54. Ne3 Ra4 55. Nc2 Rxa5 56. Rb6 Kf7 57. Rc6 Rxa6 58. Rxa6 Bc4+ 59. Kg2 Bxa6 0-1

[Event "London Classic Open 2016"]
[Site "London ENG"]
[Date "2016.12.11"]
[Round "4.76"]
[White "Thode, Gilda"]
[Black "Haessel, Dale R."]
[Result "0-1"]
[BlackTitle "FM"]
[WhiteElo "1943"]
[BlackElo "2208"]
[WhiteFideId "1323628"]
[BlackFideId "2012618"]
[EventDate "2016.12.09"]

1. d4 Nf6 2. Nf3 g6 3. Bg5 Bg7 4. Nbd2 d5 5. e3 Nbd7 6. c3 O-O 7. Bd3 b6 8. O-O
Bb7 9. Bxf6 Bxf6 10. e4 e5 11. dxe5 Nxe5 12. Nxe5 Bxe5 13. f4 Bg7 14. e5 f6 15.
f5 fxe5 16. fxg6 hxg6 17. Rxf8+ Bxf8 18. Bxg6 Qg5 19. Qh5 Qxh5 20. Bxh5 e4 21.
b4 Bg7 22. Rc1 Bh6 23. Rd1 Rf8 24. Nf1 c5 25. bxc5 bxc5 26. Bg4 Re8 27. Ng3 Rd8
28. Nxe4 Be3+ 29. Kh1 Kg7 30. Ng3 Kf6 31. Rf1+ Kg6 32. Bh5+ Kg5 33. Rf5+ Kh6 34.
h4 d4 35. Rf6+ Kg7 36. Rf7+ Kg8 37. Rxb7 dxc3 38. Bf7+ Kh8 39. Bb3 Rf8 40. Ne4
Rf4 41. Rb8+ Kg7 42. Rg8+ Kh6 43. g4 Rxe4 44. Bc2 Re6 45. Bf5 Bd4 46. Bxe6 c2
47. Rg6+ Kh7 48. Bf5 c1=Q+ 49. Kg2 Qg1+ 50. Kf3 Qe3+ 51. Kg2 Qf2+ 52. Kh3 Qf3+
53. Kh2 Qf4+ 54. Kg2 Kh8 55. Re6 Qf2+ 56. Kh3 Qf3+ 57. Kh2 Bf2 58. Rh6+ Kg7 59.
Rh7+ Kg8 60. Be6+ Kxh7 0-1

[Event "London Classic Open 2016"]
[Site "London ENG"]
[Date "2016.12.11"]
[Round "4.77"]
[White "Gross, Willi"]
[Black "Pollack, Oscar"]
[Result "1-0"]
[WhiteElo "2144"]
[BlackElo "1985"]
[WhiteFideId "1270470"]
[BlackFideId "429414"]
[EventDate "2016.12.09"]

1. d4 Nf6 2. c4 g6 3. Nc3 Bg7 4. e4 d6 5. Nf3 O-O 6. Be2 e5 7. O-O Na6 8. d5 Nc5
9. Qc2 a5 10. Bg5 h6 11. Be3 b6 12. Nd2 Ng4 13. Bxg4 Bxg4 14. a3 a4 15. Bxc5
bxc5 16. Nxa4 Qg5 17. f3 Bh3 18. Rf2 Bd7 19. Nc3 h5 20. Nb5 Bxb5 21. cxb5 Rfb8
22. Qd3 Bh6 23. Nc4 Qe7 24. Qf1 Rxb5 25. Nxd6 cxd6 26. Qxb5 Be3 27. Qe2 Bxf2+
28. Qxf2 Qb7 29. Rc1 Ra4 30. h3 Rd4 31. Kh2 Qe7 32. Qe3 Kg7 33. Re1 Qb7 34. Re2
Rd1 35. Qc3 Rd4 36. Rf2 Qb5 37. Qe3 Qc4 38. Qc3 Qa4 39. Qc2 Qa5 40. Qc1 Qa4 41.
Rc2 Qb3 42. Rc3 Qb5 43. Rc2 Qa4 44. Rf2 Rd1 45. Qe3 Rd4 46. Rd2 Qc4 47. Rf2 Rd3
48. Qe2 Qd4 49. Qc2 Qe3 50. Re2 Qf4+ 51. Kg1 c4 52. a4 Rd4 53. a5 Qf6 54. Rd2
Qg5 55. Rd1 Qe3+ 56. Kh2 Rd3 57. a6 Qd4 58. Rc1 Rd2 59. Qxc4 Qxb2 60. Rg1 Qa3
61. Qc6 Ra2 62. a7 Qxa7 63. Qxd6 Qd4 64. Qe7 Rd2 65. Rb1 Rxg2+ 66. Kxg2 Qd2+ 67.
Kh1 Qf4 68. Qa3 Qg3 69. Qe3 Qxh3+ 70. Kg1 Qg3+ 71. Kf1 h4 72. Ke2 h3 73. Qf2 Qg5
74. Rh1 Qf6 75. Qe1 Qa6+ 76. Kf2 Qa2+ 77. Qe2 Qa7+ 78. Kg3 Qe7 79. Rxh3 Qg5+ 80.
Kf2 Qd8 81. Qe3 g5 82. Rh1 f6 83. Qa7+ 1-0

[Event "London Classic Open 2016"]
[Site "London ENG"]
[Date "2016.12.11"]
[Round "4.78"]
[White "Shepherd, Katherine M"]
[Black "Van der Elburg, Freddie"]
[Result "0-1"]
[WhiteElo "1935"]
[BlackElo "2135"]
[WhiteFideId "412031"]
[BlackFideId "1007904"]
[EventDate "2016.12.09"]

1. d4 f5 2. g3 Nf6 3. Bg2 g6 4. Nf3 Bg7 5. O-O O-O 6. c4 d6 7. Nc3 a5 8. Qb3 Kh8
9. Rd1 Qe8 10. Ng5 Na6 11. Nd5 e5 12. Qc3 Nxd5 13. Bxd5 exd4 14. Qxa5 h6 15. Nf3
c6 16. Nxd4 cxd5 17. Qxd5 Qe5 18. Nb5 Qxd5 19. cxd5 Rd8 20. Bf4 Bxb2 21. Rab1
Be5 22. Bxh6 Nc5 23. Bg5 Rd7 24. a3 Ne4 25. Bf4 Bxf4 26. gxf4 b6 27. Nd4 Nc3 28.
Ne6 Nxd1 29. Rxd1 Rxa3 30. Rb1 Bb7 31. Rb5 Re7 32. Nd8 Ba8 33. e3 Rd3 34. Kf1
Bxd5 35. Rxb6 Bf3 36. Rb1 Kg7 37. h4 Kf6 38. e4 Rh7 39. e5+ dxe5 40. Re1 Rxh4
41. fxe5+ Kg5 42. Ne6+ Kh6 43. Nf4 Rh1# 0-1

[Event "London Classic Open 2016"]
[Site "London ENG"]
[Date "2016.12.11"]
[Round "4.79"]
[White "Peiris, T G M"]
[Black "French, Max"]
[Result "1-0"]
[WhiteElo "2134"]
[BlackElo "1962"]
[WhiteFideId "9901310"]
[BlackFideId "426652"]
[EventDate "2016.12.09"]

1. e4 c6 2. d4 d5 3. e5 c5 4. Nf3 Nc6 5. dxc5 e6 6. Bd3 Bxc5 7. O-O Nge7 8. Bf4
Ng6 9. Bg3 Nce7 10. Nbd2 Nf5 11. c4 Nxg3 12. hxg3 O-O 13. Rc1 b6 14. cxd5 exd5
15. Nb3 Be7 16. Nbd4 Bb7 17. Qa4 Bc5 18. Bxg6 hxg6 19. b4 Bxd4 20. Nxd4 Qe8 21.
Qxe8 Rfxe8 22. Rc7 Ba6 23. b5 Bc8 24. Rfc1 a6 25. a4 axb5 26. axb5 f6 27. Nc6
Kf8 28. f4 Bf5 29. Nb4 Red8 30. Rb7 d4 31. Rcc7 g5 32. g4 d3 33. gxf5 d2 34.
Rf7+ Kg8 35. Rxg7+ Kh8 36. Rh7+ Kg8 37. Rbg7+ Kf8 38. exf6 Ra1+ 39. Kh2 1-0

[Event "London Classic Open 2016"]
[Site "London ENG"]
[Date "2016.12.11"]
[Round "4.80"]
[White "Nunbhakdi, Tawin Matthew"]
[Black "Klingher, Dominic"]
[Result "1/2-1/2"]
[WhiteElo "1923"]
[BlackElo "2126"]
[WhiteFideId "6203310"]
[BlackFideId "428850"]
[EventDate "2016.12.09"]

1. d4 Nf6 2. c4 g6 3. Nf3 Bg7 4. g3 O-O 5. Bg2 d6 6. O-O Nc6 7. Nc3 a6 8. b3 e5
9. dxe5 dxe5 10. Qxd8 Rxd8 11. e4 Bg4 12. Ne1 Nd4 13. f3 Be6 14. Be3 Rd7 15. Rf2
Ne8 16. Rd2 Rad8 17. Rad1 Bf8 18. Nd3 f6 19. h3 Bf7 20. f4 Nc2 21. Rxc2 Rxd3 22.
Rxd3 Rxd3 23. Kf2 exf4 24. gxf4 c6 25. Ke2 Rd7 26. Rd2 Rxd2+ 27. Kxd2 Nc7 28.
Bf3 Be6 29. Bg4 h5 30. Bxe6+ Nxe6 31. Kd3 Kf7 32. f5 Ng5 33. Bxg5 fxg5 34. Ne2
Bd6 35. Ke3 gxf5 36. exf5 Kf6 37. Ke4 g4 38. hxg4 hxg4 39. Nf4 g3 40. Ng2 Kg5
41. a4 a5 42. Ne1 Kf6 43. Ng2 Ke7 44. Ne3 Kd7 45. Kf3 Be5 46. Ng4 Bc3 47. Kxg3
Kd6 48. Ne3 Ke5 49. Kf3 Kd4 50. Nd1 Bd2 51. Ke2 Bg5 52. Nf2 Bh4 53. Nd1 Be7 54.
Kd2 Bg5+ 55. Kc2 Ke4 56. Nf2+ Kxf5 57. Kd3 Be7 58. Ne4 Ke5 59. Nd2 Bb4 60. Ne4
Be1 61. Nc5 b5 62. cxb5 cxb5 63. axb5 Kd5 64. Ne4 Bb4 65. b6 Kc6 66. Kc4 Kxb6
67. Nf6 1/2-1/2

[Event "London Classic Open 2016"]
[Site "London ENG"]
[Date "2016.12.11"]
[Round "4.81"]
[White "Cohen, Ronnie"]
[Black "Gollain, Marc"]
[Result "1/2-1/2"]
[WhiteElo "1903"]
[BlackElo "2122"]
[WhiteFideId "412082"]
[BlackFideId "603546"]
[EventDate "2016.12.09"]

1. e4 c5 2. Nc3 Nc6 3. g3 g6 4. Bg2 Bg7 5. Nge2 d6 6. d3 e6 7. O-O Nge7 8. Be3
Nd4 9. f4 O-O 10. Bf2 Nec6 11. Nxd4 Nxd4 12. Rb1 Qa5 13. a3 Bd7 14. Re1 Rac8 15.
h3 b5 16. Ne2 Qc7 17. c3 Nc6 18. Qd2 a5 19. Rbc1 a4 20. Rcd1 Na5 21. Nc1 Rfe8
22. Kh2 Rb8 23. d4 Nc4 24. Qe2 cxd4 25. Bxd4 e5 26. fxe5 dxe5 27. Bg1 Be6 28.
Nd3 Bf8 29. Qf2 Rbc8 30. Rf1 Red8 31. Qe2 Rd7 32. Nb4 Bxb4 33. axb4 Rcd8 34.
Rxd7 Rxd7 35. Be3 Qd8 36. Bh6 Rd6 37. Qf2 Nd2 38. Re1 Nc4 39. Rf1 Rd3 40. Re1
Rd6 41. h4 f6 42. Rf1 Bg4 43. Qa7 Rd7 44. Qc5 Nxb2 45. Qxb5 Rd6 46. Rf2 a3 47.
Qb7 Bd7 48. Qa7 Na4 49. Bf1 Nxc3 50. Bc4+ Kh8 51. Qxa3 Nxe4 52. Ra2 Bc6 53. b5
Bb7 54. Qa7 Rd7 55. Be6 Re7 56. b6 Nd6 57. Bb3 Nf5 58. Rd2 Qe8 59. Ba4 Qc8 60.
Rc2 Qd8 61. Rd2 Qc8 62. Rc2 Qd8 63. Rd2 Qc8 64. Rc2 1/2-1/2